000 00540nam a2200193Ia 4500
003 OSt
005 20221007083231.0
006 a|||||r|||| 00| 0
007 ta
008 221006b |||||||| |||| 00| 0 eng d
024 _a22,046
037 _cTheseses
040 _aFLL
_cFLL
_beng
041 _2eng
_aeng
100 _aPradhananga R. Bhakta
_9700511
245 0 _aCritical study on culpable homicide amounting to murder with special reference to Nepal
942 _cDIS
_2CC
999 _c1169327
_d1169327